| 000 | 01556nam a2200277 i 4500 | ||
|---|---|---|---|
| 003 | DO-SdBNP | ||
| 005 | 20251104091242.0 | ||
| 007 | ta | ||
| 008 | 240318s1987 dr a 000 j spa d | ||
| 040 |
_aDO-SdBNP _bspa _cBNPHU _erda |
||
| 082 | 4 |
_a972.93 _bB742a _222 |
|
| 100 |
_aBosch, Juan, _eautor _d1909-2001 _937867 |
||
| 245 | 1 | 0 |
_aArtículos y conferencias / _cJuan Bosch |
| 264 | 1 |
_aSanto Domingo : _bCorripio, _b _c1987 |
|
| 300 |
_a253 páginas ; _c22 cm. |
||
| 336 |
_2rdacontent _atexto _btxt |
||
| 337 |
_2rdamedia _asin mediación _bn |
||
| 338 |
_2rdacarrier _avolumen _bnc |
||
| 505 | _aTres Conferencias Sobre la Inflación 7 -- Datos Para la Historia del Azúcar en la República Dominicana 59 -- Mon Cáceres, El Tiranicida 109 -- DE LITERATURA OPINIONES SOBRE DOS NOVELAS DE GABRIEL GARCÍA MARQUEZ Y UNA DE MIGUEL OTERO SILVA. Cien Años de Soledad 147 -- Carta al autor de "La Increíble y Triste Historia de la Cándida Erendira y de su Abuela Desalmada" 158 -- Palabras en Torno a Casas Muertas 162 -- García Godoy y su Obra 163 -- ARTICULOS POLÍTICOS. Las Panteras Negras: Un Caso de Sociología Política 185 -- El PRD y la Lucha de Clases 197 -- POLÉMICA Y ACLARACIÓN. Prólogo Indispensable a una Breve Historia de la Oligarquí 209 -- Una Aclaración Necesaria 239 | ||
| 590 | _aInventariado, 2024/ DG | ||
| 600 | 1 | 0 |
_aCáceres, Ramón _d1866-1911 _9196 |
| 650 | 4 |
_aInflación _9201 _vEnsayos, conferencias, etc. |
|
| 650 | 4 |
_aIndustria azucarera _zRepública Dominicana _xHistoria _985056 |
|
| 910 | _aDG | ||
| 942 |
_2ddc _cLBS1 |
||
| 999 |
_c56129 _d56129 |
||